Top 20 Cardinals: All-Time Home Run Leaders - Statistics

General Stats
  • This quiz has been taken 248 times
    218 since last reset
  • The average score is 9 of 20
Answer Stats
Home Runs Answer % Correct
445 Albert Pujols
98%
475 Stan Musial
98%
241 Jim Edmonds
74%
156 Yadier Molina
69%
220 Mark McGwire
66%
193 Rogers Hornsby
65%
129 Lou Brock
59%
111 Scott Rolen
57%
172 Ted Simmons
46%
146 Enos Slaughter
41%
148 Matt Carpenter
39%
255 Ken Boyer
38%
228 Ray Lankford
35%
152 Joe Medwick
34%
158 Johnny Mize
33%
156 Matt Holiday
27%
140 Bill White
22%
181 Jim Bottomley
22%
122 George Hendrick
15%
127 Chick Hafey
7%
No matching quizzes found
Score Distribution
Percent of People with Each Score
Percentile by Number Answered
Your Score History
You have not taken this quiz since the last reset